Z trónu na popravisko

Bibliographic Details
Main Author: Thoma, Helga, 1958- (Author)
Other Authors: Vilikovská, Mária (Translator)
Format: Book
Language:Slovak
German
PhysicalDescription:260 strán fotografie, genealogické tabuľky 21 cm
Published: Bratislava Ikar 1999
ISBN:9788071187660
Series:Historické biografie
Subjects:

MARC

LEADER 00000cam a2200000 a 4500
001 vtls009397752
003 SK-MaSNL
005 20260302043424.0
008 240509s1999 xo oj grn 001 0cslo
015 |a SNBA1999 
020 |a 9788071187660  |q (viazané) 
040 |a SNK  |b slo  |c SNK  |e AACR2 
041 1 |a slo  |h ger 
044 |a xo  |c SK 
072 7 |a 929.5/.9  |x Genealógia. Heraldika. Šľachta. Vlajky  |2 konspekt 
072 7 |a 929  |x Biografie  |2 konspekt 
080 |a 929.731-055.1  |2 2011 
080 |a 343.25  |2 2011 
080 |a (0:82-96)  |2 2011 
080 |a 929(092)  |2 2011 
100 1 |a Thoma, Helga,  |d 1958-  |4 aut  |9 229176 
240 1 0 |a Vom Thron zum Schafott  |l Slovensky 
245 1 0 |a Z trónu na popravisko  |c Helga Thoma ; [z nemeckého originálu Vom Thron zum Schafott ... preložila Mária Vilikovská] 
260 |a Bratislava  |b Ikar  |c 1999 
300 |a 260 strán  |b fotografie, genealogické tabuľky  |c 21 cm 
490 1 |a Historické biografie  |v zv. 21 
504 |a Bibliografia na strane 249-250. Menný register 
650 0 7 |a panovníci  |2 SNKPH  |9 4132 
650 0 7 |a popravy  |2 SNKPH  |9 4537 
650 0 7 |a Kings and rulers  |2 SNKPHeng  |9 283065 
650 0 7 |a Executions  |2 SNKPHeng  |9 310500 
655 7 |a literatúra faktu  |2 SNKPH  |9 70526 
655 7 |a Non fiction  |2 SNKPHeng  |9 284535 
655 7 |a biografie  |2 SNKPH  |9 27965 
655 7 |a Biography  |2 SNKPHeng  |9 266314 
700 1 |a Vilikovská, Mária  |4 trl  |9 47610 
830 0 |a Historické biografie  |9 295024 
919 |a 978-80-7118-766-0 
954 |a odborná, vedecká literatúra cudzojazyčná (svetová)  |2 lita 
958 |a EUIPO 
958 |a OND 
958 |a OP 
958 |a BC 
968 |b DT 
999 |c 1086559  |d 1088489 
952 |t P60, <91>, [BOOK], {603}, -K-  |a SNK  |b SNK  |y NEVYP  |7 0  |p 17A0222342  |o snkSC 100367  |i snkKSP 12325/99  |0 0  |1 0  |4 0  |d 1999-12-15  |l 0  |r 2005-01-02 00:00:00  |w 2026-02-24 
952 |a SNK  |b SNK  |y VYP  |7 0  |p 17A0222343  |o snkSC 100367 D1  |i snkKSP 12326/99  |8 0  |0 0  |1 0  |4 0  |d 1999-12-15  |f 1  |l 0  |r 2005-01-02 00:00:00  |w 2026-02-24